000 00376cam a2200145ua 4500
041 _aeng
_h
082 _a823.308
_bMON/MA
100 _aMoncriett Scott, C K .
245 _aMarcel proust swanns way /
_cC K Moncriett Scott.
_hTextual Documents
260 _aLondon :
_bChatto and Windus ,
_c1964.
300 _a302 ; .
504 _a
942 _cBK
999 _c11569
_d11569